IFM Opac

AUSTRALIAN LIBRARIES (Record no. 19142)

MARC details
000 -LEADER
fixed length control field 00307nam a22001337a 4500
020 ## - INTERNATIONAL STANDARD BOOK NUMBER
International Standard Book Number 0 85157 181 6
082 ## - DEWEY DECIMAL CLASSIFICATION NUMBER
Classification number 020.994 BAL
100 ## - MAIN ENTRY--PERSONAL NAME
Personal name BISKUP, Peter
245 ## - TITLE STATEMENT
Title AUSTRALIAN LIBRARIES
260 ## - PUBLICATION, DISTRIBUTION, ETC.
Place of publication, distribution, etc. LONDON
Name of publisher, distributor, etc. CLIVE BINGLEY
Date of publication, distribution, etc. 1966
300 ## - PHYSICAL DESCRIPTION
Extent 191P
Other physical details ill.;23CM
500 ## - GENERAL NOTE
General note Includes, index
942 ## - ADDED ENTRY ELEMENTS (KOHA)
Koha item type Books
Holdings
Withdrawn status Lost status Damaged status Not for loan Home library Current library Shelving location Date acquired Total Checkouts Full call number Barcode Date last seen Price effective from Koha item type
        IFM Main Campus Library IFM Main Campus Library Archival Collection 05/15/2015   020.994 BAL 0000012570 08/30/2018 02/19/2022 Books